000
00206 a2200097 4500
001
39033
100
_a
Decarro
245
_a
Linear Systems
260
_a
U S A
_b
Prentice Hall
_c
1989
090
_c
24635
_d
24635
942
_a
NUST-CAE
_c
M
_c
16264
999
_c
274106
_d
274106